| 000 | 00611nam a2200241 a 4500 | ||
|---|---|---|---|
| 001 | BRCA_8183 | ||
| 005 | 20190320210151.0 | ||
| 008 | 080514s1966----mx-####f##---#001-0#spa-# | ||
| 041 | _aspa | ||
| 044 | _amx | ||
| 050 | 4 |
_aPS3552 _b.L66 _c1966 |
|
| 100 | 1 |
_aLomelín, Vicente _920397 |
|
| 245 | 1 | 0 |
_aPor los caminos de la vida _cVicente Lomelín. |
| 260 |
_aMéxico _bLeón Sánchez _c1966 |
||
| 300 |
_a174 p. _c20 cm. |
||
| 500 | _aEjemplar 253 de 1000 | ||
| 500 | _aX93 | ||
| 650 | 1 | 4 |
_aCuentos _910272 |
| 650 | 1 | 4 |
_aAnécdotas _916734 |
| 650 | 1 | 4 |
_aHistorietas _920398 |
| 902 | _aGFM | ||
| 942 |
_2lcc _cB |
||
| 999 |
_c7851 _d7851 |
||